| 000 | 00715amm a2200253a 44500 | ||
|---|---|---|---|
| 008 | 190220s2019 cat | ||
| 041 | _acat | ||
| 080 | _a791.83 | ||
| 110 |
_aTERMCAT _960609 |
||
| 245 |
_aCarpa / vela _h[en línia] _cTERMCAT, Centre de Terminologia |
||
| 260 |
_aBarcelona _bTERMCAT, Centre de Terminologia _c2019 |
||
| 300 |
_a1 infografia. _bil. |
||
| 500 | _btermcat | ||
| 520 | _a7 | ||
| 546 | _acatalà | ||
| 592 | _aObra terminològica | ||
| 593 | _aUQ | ||
| 650 |
_acirc _963027 |
||
| 856 | _uhttps://www.termcat.cat/ca/recursos/productes-multimedia/carpavela | ||
| 901 | _c<2019> | ||
| 902 | _a190220 | ||
| 942 |
_cMO _n0 _2ddc |
||
| 999 |
_c67357 _d67357 |
||